| 000 | 00579cam a22001815a 4500 | ||
|---|---|---|---|
| 001 | ##J100665 | ||
| 008 | 000000s1901 000 0 eng u | ||
| 035 | _a(Sirsi) u100665 | ||
| 041 | 0 | _aeng | |
| 050 | 0 | 4 | _a333.07442 $2 2 |
| 110 | 2 |
_aSurveyors' Institution _93783 |
|
| 245 | 0 | 0 |
_aLog of Library usage _b1st October 1900 to 29th March 1901 |
| 260 |
_a[S.l.] _b[s.n.] _c1901 |
||
| 300 |
_a2 _fv. _c32cm. |
||
| 520 | _aHandwritten record of books consulted in the library in a ruled exercise book. | ||
| 690 | _aRICS SERVICES-RICS LIBRARY AND INFORMATION SERVICES | ||
| 942 | _n0 | ||
| 999 |
_c99744 _d99744 |
||